000 00516ntaaa2200181 4500
003 01
005 20251027202957.0
008 0714s1973 ag 01
040 _aAR-BaBN
_bspa
_cAR-BaBN
_eaacr
_dRIC
082 _a982.0000 P391
100 _aPelliza, Mariano A
_930693
245 _aHistoria Argentina desde su origen hasta la organización nacional
250 _a1 ed.
260 _aBuenos Aires :
_bLibreria Nacional, J. Lajouane y Cía,
_c1910
300 _a2 tomos
650 _aArgentina-historia
942 _cBK
999 _c25153
_d25153